| 000 | 00381nam a2200145Ia 4500 | ||
|---|---|---|---|
| 008 | 210716s1998 xx 000 0 und d | ||
| 041 | _aeng | ||
| 082 | _a005.43 MATR | ||
| 100 | _aMatthews, R Douglas. | ||
| 245 | _aTeach yourself unix web server in 14 days. | ||
| 250 | _a1 | ||
| 260 |
_aNew Delhi _bGalgotia Publications Pvt Ltd _c1998 |
||
| 300 | _axxiv,592 | ||
| 650 | _aUnix | ||
| 999 |
_c183439 _d183439 |
||